000 02126nam a2200301Ia 4500
005 20180119080857.0
008 130821s1907 gw fr 1 e mul d
040 _aCo-BoUCM
_bspa
_cSandra Yazo
_dSandra Yazo
041 0 _alat
_agre
082 0 4 _a878.6
_220
092 _aE08N019
100 1 _aSéneca, Lucio Anneo
_92889
242 0 0 _aObras de Lucio Anneo Séneca que han llegado hasta nosotros.
_cEditado por Alfred Gercke.
_pVolumen II. De Lucio Anneo Séneca ocho libros sobre cuestiones naturales.
_yspa
245 1 0 _aL. Annaei Senecae opera quae supersunt
_cEdidit Alfred Gercke
_pVolumen II. L. Annaei Senecae Naturalium quaestionum libros VIII.
260 _aLipsiae (Leipzig) [Alemania]
_bIn aedibus B. G. Teubneri [En la imprenta de B. G. Teubner]
_c1907
300 _axlvi, [2], 278 páginas
_c16 x 12 cm.
490 0 _aBibliotheca scriptorum graecorum et romanorum Teubneriana [Biblioteca Teubneriana de escritores griegos y romanos]
_v2
500 _aDetalles físicos: Encuadernación rígida, en cartón duro forrado en tela encolada. Tapa delantera con una impresión de página entera en tinta negra, con datos de publicación. Guardas con texto impreso, la delantera con marca tipográfica del editor. Portada impresa en una sola tinta, con monograma del editor y nota manuscrita de donación (Juan Crisóstomo García). Dedicatoria, en griego. Texto impreso en una sola columna, con varios tipos y tamaños de letra. Notas de pie de página. Líneas del texto numeradas. En la introducción incluye diagramas entre el texto. Al final fe de erratas. Colección incompleta, falta V.1
505 0 _aV.2: Introducción ; Estudio crítico sobre las obras de Séneca y las fuentes documentales ; Ocho libros sobre cuestiones naturales
506 _aConsulta en sala
546 _aTexto en latín y griego
650 7 _aLiteratura clásica
_918628
650 7 _aLiteratura Latina
_926526
_xAspectos filosóficos
650 7 _aLiteratura filosófica
_918657
690 _aLiteratura latina
_97796
700 1 _aGercke, Alfred
_d1860-1922
_eeditor
_962937
942 _cLIBRO
_a18
_e1
_2LOCAL
_hE08N019
999 _c71751
_d71751